000 00273nam a22001217a 4500
082 _a916.891 VAN
100 _aVambe, L
245 _aAn ill-fated people
260 _aLondan
_bHenemann
_c1972
300 _axxiv, 254p.
_b24cm
650 _aAn ill-fated people
942 _cBK
999 _c18206
_d18206